| 000 | 004300000a22001690004500 | ||
|---|---|---|---|
| 003 | MACL | ||
| 005 | 20160113155849.0 | ||
| 008 | 160113b xxu||||| |||| 00| 0 eng d | ||
| 040 |
_aMACL _cMACL |
||
| 041 | _aEnglish | ||
| 082 | _a940/GAR | ||
| 100 |
_aGardiner, Samuel R _931759 |
||
| 245 |
_aHistory of England _bvol X |
||
| 260 |
_bLongman's Green And Co _c1899 _aLondon |
||
| 650 |
_aHistory _931934 |
||
| 942 |
_cBK _k940/GAR _2ddc |
||
| 999 |
_c36870 _d36870 |
||